[Event "GER-ch U12"]
[Site "Willingen"]
[Date "2004.06.04"]
[Round "10"]
[White "Wild, Katharina"]
[Black "Hort, Maria"]
[Result "1-0"]
[WhiteElo "1249"]
[BlackElo "1082"]
[PlyCount "117"]
[EventDate "2004.06.??"]
[EventType "swiss"]
[EventRounds "11"]
[EventCountry "GER"]
[SourceTitle "EXT 2005"]
[Source "ChessBase"]
[SourceDate "2004.11.15"]
[SourceVersion "1"]
[SourceVersionDate "2004.11.15"]
[SourceQuality "1"]

1. c4 c6 2. e4 d6 3. d4 Nd7 4. Nc3 Ngf6 5. f3 e6 6. Be3 d5 7. e5 Ng8 8. f4 dxc4 9. Bxc4 Nb6 10. Bd3 Qc7 11. Na4 Bb4+ 12. Nc3 Nd5 13. Bd2 Nge7 14. Nge2 0-0 15. 0-0 a6 16. a3 Ba5 17. b4 Bb6 18. Na4 Ba7 19. Nc5 Bd7 20. Qc2 f6 21. Bxh7+ Kh8 22. Bd3 f5 23. Kh1 Kg8 24. Ng1 Kf7 25. Nf3 Bxc5 26. Ng5+ Ke8 27. bxc5 Rh8 28. a4 Ng6 29. a5 Rh6 30. g4 fxg4 31. Bxg6+ Ke7 32. Rg1 Rah8 33. Rg2 g3 34. h3 Rh4 35. Qc1 R4h6 36. Bd3 Be8 37. Rxg3 Bh5 38. Kg1 Qd7 39. Rb1 Rb8 40. Bxa6 Nc7 41. Rxb7 Rxb7 42. Bxb7 Qxd4+ 43. Be3 Qb4 44. a6 Be2 45. Qa1 Rh8 46. Rg2 Bh5 47. Rb2 Qc3 48. Qc1 Qa3 49. Rb6 Qa2 50. Rxc6 Nd5 51. Rxe6+ Kf8 52. Qd2 Qb1+ 53. Kh2 Bg4 54. Bxd5 Qf1 55. Bg2 Qd1 56. Qxd1 Bxd1 57. a7 g6 58. a8Q+ Kg7 59. Re7+ 1-0

[Event "GER-ch U12"]
[Site "Willingen"]
[Date "2004.05.30"]
[Round "2"]
[White "Hort, Maria"]
[Black "Prosch, Julia"]
[Result "1-0"]
[WhiteElo "1082"]
[BlackElo "1300"]
[PlyCount "43"]
[EventDate "2004.06.??"]
[EventType "swiss"]
[EventRounds "11"]
[EventCountry "GER"]
[SourceTitle "EXT 2005"]
[Source "ChessBase"]
[SourceDate "2004.11.15"]
[SourceVersion "1"]
[SourceVersionDate "2004.11.15"]
[SourceQuality "1"]

1. e4 c5 2. Nf3 Nc6 3. Bc4 g6 4. d3 Bg7 5. Bf4 Bxb2 6. Nbd2 Bxa1 7. Qxa1 Nf6 8. 0-0 0-0 9. Bh6 Re8 10. a3 e5 11. h3 d5 12. exd5 Nxd5 13. Ne4 Nb6 14. Nxc5 Nxc4 15. dxc4 Nd4 16. Qd1 Nxf3+ 17. Qxf3 Qb6 18. a4 f5 19. Qd5+ Kh8 20. Qf7 Rg8 21. a5 Qxc5 22. Qf6+ 1-0

[Event "GER-ch U12"]
[Site "Willingen"]
[Date "2003.06.11"]
[Round "8"]
[White "Hort, Maria"]
[Black "Voelsgen, Georg"]
[Result "0-1"]
[WhiteElo "966"]
[BlackElo "1159"]
[PlyCount "60"]
[EventDate "2003.06.08"]
[EventType "swiss"]
[EventRounds "11"]
[EventCountry "GER"]
[SourceTitle "CBM 094 Extra"]
[Source "ChessBase"]
[SourceDate "2003.07.09"]
[SourceVersion "2"]
[SourceVersionDate "2003.07.09"]
[SourceQuality "1"]

1. e4 e5 2. Nf3 Nc6 3. Bb5 Nf6 4. d3 d6 5. Nc3 Be7 6. 0-0 0-0 7. Bg5 h6 8. Bxf6 Bxf6 9. Nd5 Bg4 10. h3 Bh5 11. Re1 Nd4 12. g4 Bxg4 13. hxg4 Nxb5 14. c3 c6 15. Nb4 Qd7 16. Nh2 Nc7 17. f3 Ne6 18. Nf1 Nf4 19. Ne3 Nh3+ 20. Kh2 Nf4 21. Kg1 Bh4 22. Nf5 Bxe1 23. Qxe1 Qd8 24. Qf2 Nh3+ 25. Kg2 Nxf2 26. Kxf2 g6 27. Ng3 Kg7 28. Rh1 Qg5 29. Ne2 Qd2 30. Re1 a5 0-1

[Event "GER-ch U12"]
[Site "Willingen"]
[Date "2003.06.10"]
[Round "5"]
[White "Geis, Raoul Marian"]
[Black "Hort, Maria"]
[Result "1-0"]
[WhiteElo "1315"]
[BlackElo "966"]
[PlyCount "67"]
[EventDate "2003.06.08"]
[EventType "swiss"]
[EventRounds "11"]
[EventCountry "GER"]
[SourceTitle "CBM 094 Extra"]
[Source "ChessBase"]
[SourceDate "2003.07.09"]
[SourceVersion "2"]
[SourceVersionDate "2003.07.09"]
[SourceQuality "1"]

1. e4 c6 2. d4 d5 3. Nc3 dxe4 4. Nxe4 Bf5 5. Nc5 b6 6. Nb3 Nf6 7. Nf3 e6 8. g3 Be7 9. Bg2 0-0 10. 0-0 Qc7 11. Bf4 Bd6 12. Bxd6 Qxd6 13. c3 Rd8 14. Ne5 Qc7 15. Re1 b5 16. Nc5 Nfd7 17. Ncxd7 Nxd7 18. Nxc6 Re8 19. Ne7+ Kf8 20. Nxf5 exf5 21. Bxa8 Rxa8 22. Qf3 Rd8 23. Qxf5 Nf6 24. Qxb5 Qd6 25. Qc5 Qxc5 26. dxc5 Rc8 27. b4 Nd5 28. Rac1 Rd8 29. Red1 Ke7 30. Rc2 a6 31. Rcd2 Ke6 32. c4 Nc3 33. Rxd8 Nxd1 34. Rxd1 1-0

[Event "GER-ch U12"]
[Site "Willingen"]
[Date "2003.06.09"]
[Round "3"]
[White "Demmler, Julia"]
[Black "Hort, Maria"]
[Result "0-1"]
[WhiteElo "1385"]
[BlackElo "966"]
[PlyCount "110"]
[EventDate "2003.06.08"]
[EventType "swiss"]
[EventRounds "11"]
[EventCountry "GER"]
[SourceTitle "CBM 094 Extra"]
[Source "ChessBase"]
[SourceDate "2003.07.09"]
[SourceVersion "2"]
[SourceVersionDate "2003.07.09"]
[SourceQuality "1"]

1. e4 c6 2. d4 d5 3. e5 Bf5 4. Bd3 Bxd3 5. Qxd3 e6 6. Nf3 Nd7 7. 0-0 Qc7 8. c3 c5 9. Be3 c4 10. Qe2 Ne7 11. Bc1 Nf5 12. Nbd2 Be7 13. Rb1 0-0 14. b3 b5 15. Bb2 Rab8 16. Ra1 Qd8 17. g3 Bg5 18. Ba3 Re8 19. Nxg5 Qxg5 20. Nf3 Qg4 21. Rfe1 Nf8 22. Kg2 Ng6 23. Bc1 Ngh4+ 24. Nxh4 Nxh4+ 25. Kh1 Nf3 26. Qf1 Qh5 27. h4 Nxe1 28. Qxe1 Qf3+ 29. Kg1 Rf8 30. Ba3 Rfe8 31. Bc1 a5 32. Ba3 Rb7 33. b4 axb4 34. Bxb4 f6 35. exf6 Qxf6 36. Bd6 Rf7 37. Bf4 Qf5 38. Rb1 Qc2 39. a3 Ra8 40. Ra1 Qb2 41. Rb1 Qxa3 42. Rxb5 Qa1 43. Rb8+ Rf8 44. Rb1 Qa2 45. Qxe6+ Kh8 46. Re1 Qa4 47. Qxd5 Rad8 48. Qg5 Qc2 49. Bd2 h6 50. Qe3 Qg6 51. Qe2 Rde8 52. Qxc4 Rxe1+ 53. Bxe1 Re8 54. Kf1 Qe4 55. Bd2 Qh1# 0-1